LEADER 02718nam 22005293 450 001 9910150519503321 005 20250604153212.0 010 $a9780750965866 010 $a075096586X 035 $a(CKB)3810000000069068 035 $a(MiAaPQ)EBC4781394 035 $a(MiAaPQ)EBC6407677 035 $a(Au-PeEL)EBL6407677 035 $a(OCoLC)1231603872 035 $a(BIP)52083239 035 $a(BIP)51549011 035 $a(EXLCZ)993810000000069068 100 $a20250604d2015 uy 1 101 0 $aeng 135 $aurcnu|||||||| 181 $2rdacontent 182 $2rdamedia 183 $2rdacarrier 200 10$aDark Rosaleen $ea famine novel /$fMichael Nicholson 205 $a1st ed. 210 1$aDublin, Ireland :$cThe History Press Ireland,$d2015. 210 4$dİ2015 215 $a1 online resource (180 pages) 311 08$a9781845888701 311 08$a1845888707 327 $aIntro -- Title -- Acknowledgments -- Contents -- Author's Note -- Chapter One -- Chapter Two -- Chapter Three -- Chapter Four -- Chapter Five -- Chapter Six -- Chapter Seven -- Chapter Eight -- Chapter Nine -- Chapter Ten -- Chapter Eleven -- Chapter Twelve -- Chapter Thirteen -- Chapter Fourteen -- Chapter Fifteen -- Chapter Sixteen -- Chapter Seventeen -- Chapter Eighteen -- Historical Notes -- About the Author -- Copyright. 330 $aLove, death, and politics in a time of great famine and hardship in Ireland This is a novel based on the true story of the Great Famine in Ireland of 1840s. Historically accurate, it is a story of murder and betrayal, of a failed rebellion, and the love of a national scandal. Charles Trevelyan was Secretary of the Treasury, and Director of the Famine Relief Programme at a time when famine raged and antipathy in English politics towards the plight of those affected raged equally. Kathryn, Charles' daughter, likewise felt no sympathy until the very scale of the tragedy became apparent. Joining the underground, she preached insurrection, stole food for the starving, and became the lover of the leader of the rebellion. She became known as Dark Rosaleen, the heroine of banned nationalist poem, was branded as both traitor and cause celebrE. This is her story. 606 $aMan-woman relationships$vFiction 606 $aFamines$vFiction 606 $aGovernment, Resistance to$vFiction 615 0$aMan-woman relationships 615 0$aFamines 615 0$aGovernment, Resistance to 676 $a823.9 700 $aNicholson$b Michael$f1937-2016,$0143610 801 0$bMiAaPQ 801 1$bMiAaPQ 801 2$bMiAaPQ 906 $aBOOK 912 $a9910150519503321 996 $aDark Rosaleen$91895806 997 $aUNINA